Statistics for Britain's Got Talent Winners

Click here to take the quiz!

General Stats

  • This quiz has been taken 5 times
  • The average score is 4 of 15

Answer Stats

HintAnswer% Correct
2009Diversity
100%
2007Paul Potts
75%
2012Ashleigh and Pudsey
25%
2022Axel Blake
25%
2019Colin Thackary
25%
2008George Sampson
25%
2020Jon Courtenay
25%
2015Jules O'Dwyer and Matisse
25%
2018Lost Voice Guy
25%
2016Richard Jones
25%
2017Tokio Myers
25%
2013Attraction
0%
2014Collabro
0%
2011Jai McDowall
0%
2010Spelbound
0%

Score Distribution

Percentile by Number Answered

Percent of People with Each Score

Your Score History

You have not taken this quiz